[Event "Thessaloniki/Chalkidiki-chT"]
[Site "Thessaloniki/Chalkidiki"]
[Date "2019.03.24"]
[Round "9.3"]
[White "Kouroukafopoulos, Zafeirios"]
[Black "Sampsonoglou, Vasilios"]
[Result "0-1"]
[WhiteElo "1110"]
[BlackElo "1241"]
[PlyCount "106"]
[EventDate "2019.01.13"]
[EventType "team-tourn"]
[EventRounds "9"]
[EventCountry "GRE"]
[SourceTitle "EXT 2020"]
[Source "ChessBase"]
[SourceDate "2019.10.17"]
[SourceVersion "1"]
[SourceVersionDate "2019.10.17"]
[SourceQuality "1"]
[WhiteTeam "Papafi Chronikos"]
[BlackTeam "Thessaloniki SO Sach"]
[WhiteTeamCountry "GRE"]
[BlackTeamCountry "GRE"]

1. e4 e5 2. Nf3 Nc6 3. Bc4 Nf6 4. Nc3 Nxe4 5. Nxe4 d5 6. Nxe5 Nxe5 7. Bb3 dxe4 8. 0-0 Qd6 9. d4 exd3 10. Bf4 f6 11. cxd3 Bg4 12. Bxe5 Bxd1 13. Bxd6 Bxb3 14. Bxf8 Rxf8 15. Rfe1+ Kf7 16. axb3 a6 17. d4 Rfe8 18. Re3 Re7 19. Kf1 Rd8 20. Rd1 Red7 21. Red3 Rd5 22. Ke2 Rh5 23. h3 Rg5 24. g3 Re8+ 25. Kf3 Rf5+ 26. Kg2 Re2 27. Rf3 Rd5 28. Rc3 c6 29. Rc5 Rd7 30. d5 cxd5 31. Rcxd5 Rxd5 32. Rxd5 Ke6 33. Rd3 Rxb2 34. Kf3 Kf5 35. Ke3 h5 36. f3 b5 37. Kd4 Rc2 38. Rc3 Rxc3 39. Kxc3 Ke5 40. Kb4 Kd4 41. Ka5 Kc3 42. b4 g5 43. f4 gxf4 44. gxf4 f5 45. Kxa6 Kxb4 46. Kb6 Kc4 47. Kc6 b4 48. Kd6 b3 49. Ke5 b2 50. Kxf5 b1Q+ 51. Kg5 Qe4 52. h4 Kd5 53. f5 Ke5 0-1

[Event "Thessaloniki White Tower op-C 41th"]
[Site "Thessaloniki"]
[Date "2019.01.06"]
[Round "4.3"]
[White "Kouroukafopoulos, Zafeirios"]
[Black "Kyparissopoulos, Spyridon"]
[Result "0-1"]
[WhiteElo "1118"]
[BlackElo "1222"]
[PlyCount "73"]
[EventDate "2019.01.02"]
[EventType "swiss"]
[EventRounds "6"]
[EventCountry "GRE"]
[SourceTitle "EXT 2024"]
[Source "ChessBase"]
[SourceDate "2023.10.10"]
[SourceVersion "1"]
[SourceVersionDate "2023.10.10"]
[SourceQuality "1"]

1. e4 c6 2. Nc3 d5 3. exd5 cxd5 4. d4 e6 5. Nf3 Nf6 6. Bd3 Bd6 7. Ne5 Nbd7 8. Qe2 Qb6 9. Nb5 Bxe5 10. dxe5 Ne4 11. Bxe4 dxe4 12. Nd6+ Kf8 13. Qxe4 Qa5+ 14. Bd2 Qxe5 15. Bb4 Qxe4+ 16. Nxe4+ Kg8 17. 0-0-0 h6 18. Nd6 Ne5 19. Nb5 Bd7 20. Rhe1 Bxb5 21. Rxe5 Bc6 22. g3 Kh7 23. c4 Rhd8 24. Bd6 Rd7 25. b4 Rc8 26. Rd2 b6 27. Re3 Bd5 28. Be5 Rxc4+ 29. Bc3 Rdc7 30. Kb2 R4c6 31. b5 Rc5 32. a4 Rc4 33. a5 R4c5 34. axb6 Rxb5+ 35. Ka3 axb6 36. Rd4 Rb3+ 37. Ka4 0-1